El juez constitucional: un actor regulador de las polt̕icas pb︢licas El caso de la descentralizacin̤ en Colombia /

Detalles Bibliográficos
Autor principal: Sierra Cadena, Grenfieth de Jess︢
Formato: eBook
Lenguaje:español
Publicado: Bogot ̀: Editorial Universidad de Rosario (Colombia), 2009
Materias:
Acceso en línea:Acceso restringido

MARC

LEADER 00000nam a22000007a 4500
005 20120620140029.0
007 cr|||| ||||
008 120620s2009 co |||||s|||| 00||0 spa d
020 |a 978-958-738-017-0 
035 |a 6358 
040 |a vLex 
090 |c 3211  |d 3211 
100 1 |a Sierra Cadena, Grenfieth de Jess︢ 
245 1 3 |a El juez constitucional: un actor regulador de las polt̕icas pb︢licas  |h [Recurso electrn̤ico] :  |b El caso de la descentralizacin̤ en Colombia /  |c Grenfieth de Jess︢ Sierra Cadena  
256 |a Servicio en ln̕ea 
260 |a Bogot ̀:  |b Editorial Universidad de Rosario (Colombia),  |c 2009 
300 |a 1 recurso electrn̤ico 
506 1 |a Contenido solo disponible en los productos indicados  |d vLex Global   |d vLex Global (Academic Edition, excluding Law Schools)   |d vLex Global (U.S. Academic Edition, Law Schools)   |d vLex Global (U.S. Academic Edition, excluding Law Schools)   |d vLex Global (Academic Edition, Law Schools)  
650 0 4 |a Jueces  |z Colombia 
650 0 4 |a Tribunal constitucional 
740 0 |a vLex Libros (Servicio en ln̕ea) 
856 4 0 |u http://vlex.com/source/juez-constitucional-actor-regulador-politicas-publicas-caso-descentralizacion-colombia-6358  |z Acceso restringido 
942 |c BOOK 
999 0 |a  Judges 
999 0 |a Constitutional law